| 000 | 00530nam a2200169 i 4500 | ||
|---|---|---|---|
| 001 | 102810 | ||
| 003 | ES-MaACL | ||
| 005 | 20230906183205.0 | ||
| 007 | t| | ||
| 008 | 051209s1938 pr ||||1| spa d | ||
| 080 | _a821.134.2(729.5)-14"19" | ||
| 100 | 1 |
_aSoto Rodríguez, Manuel. _9107530 |
|
| 245 | 1 | 0 |
_aSenda erótica _b: poemas en cuerda eterea / _cManuel Soto Rodríguez. |
| 260 |
_aSan Juan Bautista de Puerto Rico : _b[s.n., _c1938] |
||
| 300 |
_a36 p. : _b1 retr. ; _c22 cm. |
||
| 852 |
_aES-MaACL _j2199-F-28 _bR.136964 |
||
| 999 |
_c102810 _d102810 |
||